|
|
|
|
| LEADER |
03001nam a2200481 a 4500 |
| 001 |
31138 |
| 003 |
BD-DhAAL |
| 005 |
20211108132134.0 |
| 008 |
160615s2007 maua b 001 0 eng |
| 999 |
|
|
|c 37597
|d 37597
|
| 010 |
|
|
|a 2006014263
|
| 020 |
|
|
|a 9788131720479
|
| 020 |
|
|
|a 0321455363
|
| 020 |
|
|
|a 0321462254
|
| 020 |
|
|
|a 0321455371
|
| 040 |
|
|
|a DLC
|c DLC
|d BAKER
|d C#P
|d DLC
|d BD-DhAAL
|
| 050 |
0 |
0 |
|a QA267
|b .H56 2007
|
| 082 |
0 |
0 |
|a 511.35
|2 22
|
| 100 |
1 |
|
|a Hopcroft, John E.,
|d 1939-
|9 19690
|
| 245 |
1 |
0 |
|a Introduction to automata theory, languages, and computation /
|c John E. Hopcroft, Rajeev Motwani, Jeffrey D. Ullman.
|
| 250 |
|
|
|a Third edition
|
| 260 |
|
|
|a Boston ;
|a New Delhi :
|b Pearson ;
|b Dorling Kindersley,
|c c2008.
|
| 300 |
|
|
|a xvii, 535 pages :
|b illustrations ;
|c 25 cm.
|
| 504 |
|
|
|a Includes bibliographical references and index.
|
| 526 |
|
|
|a CSE
|
| 541 |
|
|
|e 31138, 31139,31140
|
| 590 |
|
|
|a BRACU copy without student access kit.
|
| 650 |
|
0 |
|a Machine theory.
|9 19691
|
| 650 |
|
0 |
|a Formal languages.
|9 19692
|
| 650 |
|
0 |
|a Computational complexity.
|9 19693
|
| 650 |
|
0 |
|a Computer science.
|9 42380
|
| 700 |
1 |
|
|a Motwani, Rajeev.
|9 19694
|
| 700 |
1 |
|
|a Ullman, Jeffrey D.,
|d 1942-
|9 19695
|
| 852 |
|
|
|a Ayesha Abed Library
|c General Stacks
|
| 942 |
|
|
|2 ddc
|c BK
|
| 952 |
|
|
|0 0
|1 0
|2 ddc
|4 0
|6 511_350000000000000_HOP
|7 0
|9 59111
|a BRACUL
|b BRACUL
|c GEN
|d 2016-05-30
|e Trim Education
|g 918.00
|l 17
|m 197
|o 511.35 HOP
|p 3010031138
|r 2025-05-25
|s 2025-02-12
|t 1
|v 918.00
|w 2016-05-30
|y BK
|
| 952 |
|
|
|0 0
|1 0
|2 ddc
|4 0
|6 511_350000000000000_HOP
|7 0
|9 59112
|a BRACUL
|b BRACUL
|c GEN
|d 2016-05-30
|e Trim Education
|g 918.00
|l 14
|m 176
|o 511.35 HOP
|p 3010031139
|r 2025-03-23
|s 2025-01-18
|t 2
|v 918.00
|w 2016-05-30
|y BK
|
| 952 |
|
|
|0 0
|1 0
|2 ddc
|4 0
|6 511_350000000000000_HOP
|7 0
|9 59113
|a BRACUL
|b BRACUL
|c GEN
|d 2016-05-30
|e Trim Education
|g 918.00
|l 12
|m 127
|o 511.35 HOP
|p 3010031140
|r 2025-01-20
|s 2024-10-30
|t 3
|v 918.00
|w 2016-05-30
|y BK
|
| 952 |
|
|
|0 0
|1 0
|2 ddc
|4 0
|6 511_350000000000000_HOP
|7 0
|9 60149
|a BRACUL
|b BRACUL
|c GEN
|d 2017-04-04
|e Trim Education
|g 1145.00
|l 13
|m 168
|o 511.35 HOP
|p 3010031659
|r 2026-02-19
|s 2025-10-30
|t 4
|w 2017-04-04
|y BK
|x The user ID: 18101028 replaced by a new copy of the same item (Barcode: 3010031659)
|
| 952 |
|
|
|0 0
|1 0
|2 ddc
|4 0
|6 511_350000000000000_HOP
|7 0
|9 60150
|a BRACUL
|b BRACUL
|c GEN
|d 2017-04-04
|e Trim Education
|g 1145.00
|l 14
|m 113
|o 511.35 HOP
|p 3010031660
|r 2025-02-09
|s 2024-12-29
|t 5
|w 2017-04-04
|y BK
|
| 952 |
|
|
|0 0
|1 0
|2 ddc
|4 0
|6 511_350000000000000_HOP
|7 0
|9 60151
|a BRACUL
|b BRACUL
|c GEN
|d 2017-04-04
|e Trim Education
|g 1145.00
|l 14
|m 192
|o 511.35 HOP
|p 3010031661
|r 2025-05-21
|s 2025-02-12
|t 6
|w 2017-04-04
|y BK
|
| 952 |
|
|
|0 0
|1 0
|2 ddc
|4 0
|6 511_350000000000000_HOP
|7 0
|9 61934
|a BRACUL
|b BRACUL
|c GEN
|d 2017-11-22
|e STS International
|g 1090.00
|l 17
|m 149
|o 511.35 HOP
|p 3010032357
|r 2025-02-19
|s 2024-05-30
|t 8
|v 1090.00
|w 2017-11-22
|y BK
|
| 952 |
|
|
|0 0
|1 0
|2 ddc
|4 0
|6 511_350000000000000_HOP
|7 0
|9 61935
|a BRACUL
|b BRACUL
|c GEN
|d 2017-11-22
|e STS International
|g 1090.00
|l 13
|m 159
|o 511.35 HOP
|p 3010032356
|r 2025-12-03
|s 2025-11-19
|t 7
|v 1090.00
|w 2017-11-22
|y BK
|